000 00327nam a22001217a 4500
008 140319t xxu||||| |||| 00| 0 eng d
020 _a978-1-59745-298-4
100 _aAlan Thornhill
_9787
240 _aMethods in molecular medicine
245 _aSingle cell Diagnostics
_bmethods and protocols
300 _a182
942 _2ddc
_cBK
999 _c17040
_d17040